Statistiche per Marcatori della Spagna ai Mondiali - Qatar 2022

Clicka qui per fare il quiz!

Statistiche generali

  • Questo quiz è stato fatto 5 volte
  • Il punteggio medio è 6 su 9

Statistiche sulle risposte

PartitaMinutoMarcatore% Corretto
Spagna - Costa Rica 7-092Álvaro Morata
100%
Spagna - Germania 1-162Álvaro Morata
100%
Giappone - Spagna 2-111Álvaro Morata
100%
Spagna - Costa Rica 7-011Dani Olmo
75%
Spagna - Costa Rica 7-031Ferrán Torres
75%
Spagna - Costa Rica 7-054Ferrán Torres
75%
Spagna - Costa Rica 7-074Gavi
25%
Spagna - Costa Rica 7-090Carlos Soler
0%
Spagna - Costa Rica 7-021Marco Asensio
0%

Distribuzione punteggi

Percentile per numero di risposta

Percentuale di utenti per punteggio

I tuoi punteggi nel tempo

Non hai fatto questo quiz